Building Cisco multilayer switched networks

שמור ב:
מידע ביבליוגרפי
מחבר ראשי: Webb, Karen (Author)
פורמט: ספר
שפה:אנגלית
יצא לאור: Indianápolis Cisco Press 2000
נושאים:
תגים: הוספת תג
אין תגיות, היה/י הראשונ/ה לתייג את הרשומה!

MARC

LEADER 00000nam a2200000 a 4500
001 UCN9940
003 CL-VaPUC
008 011221e20000000US |||||||||||||||||eng|d
082 0 4 |a 004.65  |b WEB  |2 21 
100 0 |a Webb, Karen  |e author  |9 466452 
245 1 0 |a Building Cisco multilayer switched networks 
300 |a 439 p 
942 |c BK 
945 |d 20011221 00:00:00  |a crobeson 
260 |a Indianápolis  |b Cisco Press  |c 2000 
650 0 |a Redes de información  |9 230208 
650 7 |a INTERCONEXION DE REDES  |2 CL-VaPUC  |9 453594 
650 0 |a Redes de computadores  |9 263293 
650 7 |a REDES DE AREA LOCAL  |2 CL-VaPUC  |9 466453 
583 |a last modification  |c 20011221 00:00:00  |k Rodrigo Vera 
999 |c 299036  |d 299034 
952 |0 0  |1 1  |2 ddc  |4 0  |6 004_650000000000000_WEB_2000  |7 0  |8 A  |9 355161  |a BIBING  |b BIBING  |d 2019-11-21  |i 3783219  |o 004.65 WEB 2000  |p 3783219  |r 2023-03-02  |w 2019-11-21  |y BK  |k EIE